| 000 | 00918nam a22001817a 4500 | ||
|---|---|---|---|
| 008 | 200203b xxu||||| |||| 00| 0 eng d | ||
| 020 | _a9780077122799 | ||
| 050 | _aQA76.76.D47 H87(5e) | ||
| 100 | _aHughes, Bob. | ||
| 245 |
_aSoftware project management. / _cBob Hughes. |
||
| 250 | _a5th ed. | ||
| 260 |
_aLondon : _bMcGraw-Hill/ Education, _c2009 |
||
| 300 |
_axvii, 392 p. : _bill. ; _c25 cm. |
||
| 500 | _aIncludes appendix and index. | ||
| 505 | _aContents: Introduction to software project management -- Project evaluation and programme management -- An overview of project planning -- Selection of an appropriate project approach -- Software effort estimation -- Activity planning -- Risk management -- Resource allocation -- Monitoring and control -- Managing contracts -- Managing people in software environments -- Working in teams -- Software quality. | ||
| 700 | _aCotterell, Mike. | ||
| 942 |
_2lcc _cBK |
||
| 999 |
_c7054 _d14554 |
||